000 01025nam a2200241Ia 4500
003 OSt
005 20220923214009.0
006 a|||||r|||| 00| 0
007 ta
008 220922b |||||||| |||| 00| 0 hin d
024 _a166,312
037 _cTextual
040 _aARTS
_cARTS
_bhin
041 _2hin
_ahin
082 _aO152:1J32:g, J4
100 _aमिश्र, भगीरथ
_9156290
245 0 _aतुलसी-रयायन
_b गोस्वामी तुलसीदास के युग जीवनी और कृतित्व की समीक्षा तथा कृतियों से चुना हुआ संग्रह
246 _aTulasī-rayāyana: goswāmī tulasīdās ke yug jīvanī aur kṛutitva kī samīkṣhā tathā kṛutiyoan se chunā huā sangraha
260 _c1954
650 _aहिन्दी साहित्य
_9156264
942 _hO152:1J32:g, J4
_cTEXL
_2CC
999 _c320791
_d320791